| 000 | 00948nam a2200265Ia 4500 | ||
|---|---|---|---|
| 003 | OSt | ||
| 005 | 20221005103943.0 | ||
| 006 | a|||||r|||| 00| 0 | ||
| 007 | ta | ||
| 008 | 221004b |||||||| |||| 00| 0 hin d | ||
| 020 |
_a8179770225 _c350 |
||
| 024 | _a82061 | ||
| 037 |
_b9, 30/03/2005, Manak Publication _cTextual |
||
| 040 |
_aCRL _cCRL _bhin |
||
| 041 |
_2hin _ahin |
||
| 082 | _aVv, 152P3 | ||
| 100 | _aआर्थर, मारविक | ||
| 245 | 0 | _aइतिहास का स्वरूप, अनु0 लालबहादुर वर्मा | |
| 246 | _aItihās kā svarūpa, anu0 lālabahādur varmā | ||
| 260 |
_aदिल्ली _bग्रंथ शिल्पी _c2003 |
||
| 300 |
_a254पृ0 _ccm. |
||
| 650 | _aविश्व-इतिहास | ||
| 942 |
_hVv, 152P3 _cTEXL _2cc |
||
| 999 |
_c1011375 _d1011375 |
||